00793 2200265 4500001002100000005001500021035002000036007000300056008004100059020001800100082000800118084001400126100002900140245009700169250001200266300004400278650002200322650002500344700002600369264004500395336002100440337003000461338002300491990001300514INLIS00000000111865220220530085951 a0010-0422000132ta220530 0 ind a9786020652436 a158 a158 DAV f0 aDavid KesslerePengarang1 aFinding Meaning :bMencari Makna Di Balik Dukacita /cDavid Kessler, Lina Jusuf (Penerjemah) aedisi 1 axxiv, 257 halaman :bilustrasi ;c24 cm 4aPerbaikan Pribadi 4aPersonal Improvement0 aLina JusufePengarang aJakarta :bGramedia Pustaka Utama,c2021 2rdacontentaTeks 2rdamediaaTanpa Perantara 2rdacarrieraVolume a21/00903